Nový slovník československých výtvarných umělců Svazek 2

Bibliographic Details
Main Authors: Toman, Prokop, 1872-1955 (Author, Author of introduction, etc.), Toman, Prokop Hugo, 1902-1981 (Author)
Format: Book
Language:Czech
PhysicalDescription:Zväzok 2. + dodatky (strana 219-782 ; strana 13-224) 24 cm
Published: Praha Ivo Železný 2000
ISBN:8023736337
Edition:Páté, opravené vydání
Subjects:

MARC

LEADER 00000cam a2200000 a 4500
001 vtls008275560
003 SK-MaSNL
005 20260426014631.0
008 050808s2000 xr r 000 0 cze
020 |a 8023736337  |q (svazek 2 ;  |q viazané) 
035 |a SVKPOKN087039 
040 |a SNK  |b slo  |c SNK  |e AACR2 
041 0 |a cze 
043 |a e-xr---  |a e-xo--- 
044 |a xr  |c CZ 
072 7 |a 72/76  |x Výtvarné umenie  |2 konspekt 
080 |a 72/76.071.1  |2 2011 
080 |a (437.3)  |2 2011 
080 |a (437.6)  |2 2011 
080 |a (031)929  |2 2011 
100 1 |a Toman, Prokop,  |d 1872-1955  |4 aut  |4 aui  |9 102735 
245 1 0 |a Nový slovník československých výtvarných umělců  |n Svazek 2  |c Prokop Toman, Prokop H. Toman ; předmluvu napsal a erraty doplnil Prokop Toman 
250 |a Páté, opravené vydání 
260 |a Praha  |b Ivo Železný  |c 2000 
300 |a Zväzok 2. + dodatky (strana 219-782 ; strana 13-224)  |c 24 cm 
500 |a Dodatky obsahujú prehľad skratiek 
500 |a Vydavateľské údaje faksimile čerpané z poznámok k 2. dielu 
648 7 |a 20.-21. storočie  |2 SNKPH  |9 302531 
650 0 7 |a výtvarníci  |2 SNKPH  |9 118705 
650 0 7 |a Artists  |2 SNKPHeng  |9 265151 
651 7 |a Česko  |2 SNKPH  |9 16753 
651 7 |a Slovensko  |2 SNKPH  |9 14231 
651 7 |a Czechia  |2 SNKPHeng  |9 170107 
651 7 |a Slovakia  |2 SNKPHeng  |9 92630 
655 7 |a biografické slovníky  |2 SNKPH  |9 51960 
655 7 |a Biographical dictionaries  |2 SNKPHeng  |9 278210 
655 7 |a faksimile  |2 SNKPH  |9 70487 
655 7 |a Facsimiles  |2 SNKPHeng  |9 313051 
700 1 |a Toman, Prokop Hugo,  |d 1902-1981  |4 aut  |9 77788 
787 0 8 |i Faksimile z:  |t Nový slovník československých výtvarných umělců. II, O-Ž  |d V Praze : Nakladatel Rudolf Ryšavý, 1950 
787 0 8 |i Faksimile z:  |t Dodatky ke slovníku československých výtvarných umělců  |d Praha : Státní nakladatelství krásné literatury, hudby a umění, 1955 
919 |a 80-237-3633-7 
958 |a CZ 
999 |c 1163699  |d 1165629 
952 |a SNKPRIRUCN  |b SNKPULT  |y VYP  |7 0  |p 17A1372921  |o snkIC 143221/2 D1  |i snk2019/16346  |8 4  |g 85.17  |3 príručná knižnica  |0 0  |1 0  |4 0  |d 2019-06-11  |l 1  |q 2021-10-06  |r 2026-03-27 14:45:51  |s 2026-03-27  |w 2026-02-24 
952 |t snkTOM/2 75(437.6)  |a SNKUST  |b SNKUST  |y PREZ  |7 0  |p 17A0201765  |o snkIC 143221/2  |i snk2017/8741  |8 5  |0 0  |1 0  |4 0  |d 2001-01-04  |l 0  |r 2025-05-29 00:00:00  |w 2026-02-24